Best-Selling Airliners - Statistics

General Stats
  • This quiz has been taken 52 times
  • The average score is 9 of 13
Answer Stats
Number Sold Answer Manufacturer % Correct
11,685 737 Boeing
93%
1,569 747 Boeing
93%
11,289 A320 Airbus
89%
1,832 727 Boeing
87%
1,677 777 Boeing
87%
1,304 767 Boeing
83%
1,527 A330 Airbus
83%
1,671 E-Jet Embraer
63%
1,945 CRJ Bombardier
54%
1,258 DASH-8 DeHavilland Canada
54%
16,079 DC-3 Douglas
54%
1,231 ERJ Embraer
28%
2,770 AN-24 / AN-26 Antonov
26%
No matching quizzes found
Score Distribution
Percent of People with Each Score
Percentile by Number Answered
Your Score History
You have not taken this quiz